| 000 | 00585nam a22002177a 4500 | ||
|---|---|---|---|
| 003 | OSt | ||
| 005 | 20140310182804.0 | ||
| 008 | 130214t xxu||||| |||| 00| 0 eng d | ||
| 020 | _a98130477399 | ||
| 050 |
_aQH 323.5 _b.El49 1995 |
||
| 082 |
_aM 574.01 _bEl7 1995 |
||
| 245 |
_aEssentials of biostatistics _cElston, Robert C. |
||
| 250 | _a2nd ed. | ||
| 260 |
_aSingapore _bInfo Access and Distribution Pte Ltd _c1995 |
||
| 300 |
_axii, 328 p. _c24 cm. _bill. |
||
| 521 | _acollege students | ||
| 526 | _c1210L-1700L | ||
| 541 | _j1 | ||
| 562 | _e1 | ||
| 942 |
_2lcc _cBK _kM |
||
| 999 |
_c16045 _d16045 |
||